02666nam a2200397 a 450000100060000000300080000600500170001400800410003102000170007203500190008904000350010804100080014308200280015110000480017924500890022726000750031630000670039149000270045860001440048560000740062965001080070365000620081183000350087394200120090899900170092095201590093795201590109695201290125595201290138495201290151395201290164295201240177195201240189595201240201995201250214344583BD-RjUL20211209053902.0160718s1969 bg ||||| |||| 00| 0 ben d c: PRs. 10.00 a(BD-RjUL)44701 aBD-RjULbbencBD-RjULdBD-RjUL aben 223a016.89144bISN 19691 aইসলাম, রফিকুল913678210aনজরুল নির্দেশিকা /cরফিকুল ইসলাম aঢাকা : bবাংলা একাডেমী, c১৯৬৯ a[১২], [১২], ৩৭৫ পৃ. ; c২১ সেমি. aবাএ ;v২৭১ aইসলাম, কাজী নজরুল d১৮৯৯-১৯৭৬xরচনাবলীxগ্রন্থপঞ্জী9236296 aIslam, Qazi Nazrul d1899-1976xCollected WorksxBibliography9236297 aবাংলা সাহিত্যxরচনাবলীxগ্রন্থপঞ্জী9236298 aBengali LiteraturexCollected WorksxBibliography9236299 aবাএ ;v২৭১9236300 2ddccBK c44583d44583 00102ddc40718REFaRUCLbRUCLcReferenced1975-01-06eBangla Academy, Dhakag10.00l0oBR 016.89144 ISN 1969r2016-07-18 00:00:00tC-2w2021-12-09yREF 00102ddc40718REFaRUCLbRUCLcReferenced1975-01-06eDacca, Bangla Academyg10.00l0oBR 016.89144 ISN 1969r2019-10-28 00:00:00tC-1w2021-12-09yREF 00102ddc40718REFaRUCLbRUCLcReferenced2019-12-11l0oBR 016.89144 ISN 1969r2019-12-11 00:00:00tC-3w2021-12-09yREF 00102ddc40718REFaRUCLbRUCLcReferenced2019-12-11l0oBR 016.89144 ISN 1969r2019-12-11 00:00:00tC-4w2021-12-09yREF 00102ddc40718REFaRUCLbRUCLcReferenced2019-12-11l0oBR 016.89144 ISN 1969r2019-12-11 00:00:00tC-5w2021-12-09yREF 00102ddc40718REFaRUCLbRUCLcReferenced2019-12-11l0oBR 016.89144 ISN 1969r2019-12-11 00:00:00tC-6w2021-12-09yREF 00102ddc40708NFICaRUCLbRUCLcStackd2019-12-11l0oB 016.89144 ISN 1969r2019-12-11 00:00:00tC-7w2021-12-09yBK 00102ddc40708NFICaRUCLbRUCLcStackd2019-12-11l0oB 016.89144 ISN 1969r2019-12-11 00:00:00tC-8w2021-12-09yBK 00102ddc40708NFICaRUCLbRUCLcStackd2019-12-11l0oB 016.89144 ISN 1969r2019-12-11 00:00:00tC-9w2021-12-09yBK 00102ddc40708NFICaRUCLbRUCLcStackd2019-12-11l0oB 016.89144 ISN 1969r2019-12-11 00:00:00tC-10w2021-12-09yBK